|
|
|
|
| LEADER |
01139nam a2200277 a 4500 |
| 001 |
12752558 |
| 008 |
100503r20012000xxu 000 0 eng d |
| 010 |
|
|
|a \\\2002281492
|
| 020 |
|
|
|a 1888777516
|
| 020 |
|
|
|a 8123907443
|
| 040 |
|
|
|a DLC
|c DLC
|d DLC
|d BD-DhAAL
|
| 082 |
0 |
0 |
|a 423/.1
|2 21
|
| 245 |
0 |
4 |
|a The new international Webster's pocket spelling dictionary of the English language.
|
| 246 |
3 |
0 |
|a Webster's pocket spelling dictionary of the English language
|
| 246 |
3 |
0 |
|a Spelling dictionary of the English language
|
| 246 |
1 |
8 |
|a Spelling
|
| 250 |
|
|
|a New rev. ed., 2000 ed.
|
| 260 |
|
|
|a United States :
|b Trident Press International ;
|a New Delhi :
|b CBS Publishers & Distributors,
|c 2000 [ reprinted 2001]
|
| 300 |
|
|
|a 318 p. ;
|c 17 cm.
|
| 541 |
1 |
|
|e 00009654
|
| 650 |
|
0 |
|a English language
|x Orthography and spelling
|v Dictionaries.
|
| 650 |
|
0 |
|a Spellers.
|
| 710 |
2 |
|
|a Trident Press International.
|
| 852 |
4 |
|
|a Ayesha Abed Library
|j General Shelf
|
| 999 |
|
|
|c 8355
|d 8355
|
| 952 |
|
|
|0 0
|1 0
|2 ddc
|4 0
|6 423_100000000000000_NEW_2001
|7 0
|9 9674
|a BRACUL
|b BRACUL
|c GEN
|d 2010-05-03
|l 7
|m 13
|o 423.1 NEW
|p 3010009654
|r 2018-01-28
|s 2018-01-28
|t 1
|w 2010-05-03
|y BK
|